000 00620nam a2200205 a 4500
005 20140310183220.0
008 030908s19uu xx 00 eng d
020 _a0072489049
050 _aHM 1033
_b.F73 2003
100 _aFranzoi, Stephen L.
245 _aSocial Psychology /
_cStephen L. Franzoi.
250 _a3rd ed.
260 _aBoston :
_bMcGraw-Hill,
_c2003.
300 _axxvii, 609 p. :
_bcol. ill. ;
_c29 cm.
500 _aIncludes bibliographical reference and index w/ CD-ROM
521 _aPSYCH
650 _aSocial psychology
942 _cBK
_2lcc
_kFOR
999 _c20310
_d20310